| 000 | 00665nam a22001697a 4500 | ||
|---|---|---|---|
| 020 | _qHard Cover. | ||
| 082 | _a670.5 | ||
| 100 | _aRafi, Muhammad Ehtisham | ||
| 245 |
_aOptimizing the Transportation cost Using Mixed integer linear programing under constraints for fizzy drink industry / _cMuhammad Ehtisham Rafi. |
||
| 260 |
_aIslamabad: _bSMME - NUST, _c2017. |
||
| 300 |
_a39 p.: ill.; _c30cm. |
||
| 650 |
_aDesign and Manufacturing Engineering MS-Thesis. _916133 |
||
| 700 |
_aDr. Shahid Ikramullah Butt _916240 |
||
| 856 | _uhttp://10.250.8.41:8080/xmlui/handle/123456789/10764 | ||
| 942 |
_2ddc _cTHE |
||
| 999 |
_c529307 _d529307 |
||